MARC

LEADER 00000nam0a2200000 4500
001 208630
005 20231031191459.0
020 |a RU  |b 79-48000 
035 |a (RuTPU)RU\TPU\book\227828 
090 |a 208630 
100 |a 20120204d1979 k y0rusy5003 ca 
101 0 |a rus 
102 |a UA 
105 |a a z 101zy 
200 1 |a Мартенситные превращения в металлах и сплавах  |e доклады международной конференции "ICOMAT-77", Киев, 16-20 мая 1977 г.  |f Академия наук Украинской ССР (АН УССР), Институт металлофизики 
210 |a Киев  |c Наук. думка  |d 1979 
215 |a 219 с.  |c ил.  |d 21 см. 
320 |a Библиография в конце статей 
610 1 |a металловедение 
610 1 |a металлы 
610 1 |a сплавы 
610 1 |a мартенситные превращения 
610 1 |a структура 
610 1 |a механизм 
610 1 |a кинетика 
610 1 |a кристаллизация 
610 1 |a конференции 
675 |a 669.11(063)  |z rus  |v 3 
712 0 2 |a Академия наук Украинской ССР (АН УССР)  |b Институт металлофизики  |2 stltpush  |3 (RuTPU)RU\TPU\col\12899 
712 1 2 |a Мартенситные превращения в металлах и сплавах  |b международная конференция  |c доклады  |e Киев  |f 1977 
801 0 |a RU  |b RuMRKP  |c 19950704  |g psbo 
801 1 |a RU  |b 63413507  |c 20120204 
801 2 |a RU  |b 63413507  |c 20221226  |g RCR 
942 |c BK